000 00499nam a2200133Ia 4500
005 20260209120153.0
008 260209s9999||||xx |||||||||||||| ||und||
100 _aWafa Mariyam
245 0 _aDenial of humanitarian assistance as a crime under international law
260 _aBangaloreBangalore
_bNLSIU, Bangalore
_c2024 - 2025
300 _a32 p. ; 25 cm.
700 _aDr. Govindaraj G Hegde - SupervisorDr. Govindaraj G Hegde - Supervisor
856 _uhttps://dans.nls.ac.in/handle/123456789/2502
999 _c217794
_d217794